| 000 | 00498nam a2200181Ia 4500 | ||
|---|---|---|---|
| 005 | 20250326140458.0 | ||
| 008 | 250326s9999 xx 000 0 und d | ||
| 037 | _aTextbook | ||
| 040 |
_aFMSL _beng _cFMSL |
||
| 041 |
_aeng _2eng |
||
| 084 |
_aX.1 M5 _qFMSL |
||
| 100 |
_aAgmon T _9742458 |
||
| 245 | 0 |
_aPolitical economy and risk in world ficial markets _cAgmon T |
|
| 260 |
_aUSA _bUSA, Lexington Books _c1985 |
||
| 300 | _a94p | ||
| 942 |
_cTB _hX.1 M5 |
||
| 999 |
_c1286001 _d1286001 |
||